Education and rural development (Record no. 1376833)

MARC details
000 -LEADER
fixed length control field 00579nam a2200205Ia 4500
005 - DATE AND TIME OF LATEST TRANSACTION
control field 20250508162500.0
008 - FIXED-LENGTH DATA ELEMENTS--GENERAL INFORMATION
fixed length control field 008 250505s9999 xx 000 0 eng d
037 ## - SOURCE OF ACQUISITION
Stock number TextBook
040 ## - CATALOGING SOURCE
Original cataloging agency FEDL
Language of cataloging eng
Transcribing agency FEDL
041 ## - LANGUAGE CODE
Language code of text/sound track or separate title eng
Source of code eng
084 ## - COLON CLASSIFICATION NUMBER
Classification number 370.19346, SEE
Assigning agency FEDL
100 ## - MAIN ENTRY--PERSONAL NAME
Personal name Seetharamu A S
245 #0 - TITLE STATEMENT
Title Education and rural development
260 ## - PUBLICATION, DISTRIBUTION, ETC.
Place of publication, distribution, etc. New Delhi, India
Name of publisher, distributor, etc. Ashish Publishing House
Date of publication, distribution, etc. 1980
300 ## - PHYSICAL DESCRIPTION
Extent 303p
365 ## - TRADE PRICE
Price type code INR
Price amount 85
650 ## - SUBJECT ADDED ENTRY--TOPICAL TERM
Topical term or geographic name entry element Education - Sociology
9 (RLIN) 757833
942 ## - ADDED ENTRY ELEMENTS (KOHA)
Koha item type Textbook
Classification part 370.19346, SEE
Holdings
Withdrawn status Lost status Damaged status Not for loan Home library Current library Date acquired Cost, normal purchase price Total Checkouts Full call number Barcode Date last seen Price effective from Koha item type
        Department of Education Library Department of Education Library 2025-05-08 85.00   370.19346, SEE EL0069208 2025-05-08 2025-05-08 Textbook
Copyright @ Delhi University Library System